000 00235nam a2200097Ia 4500
001 964895
005 20250826220235.0
008 250824s9999 xx 000 0 und d
245 0 _aNUREDDİN ZENGİ
_cALİ EMRE
260 _bKETEBE YAYINLARI
999 _c964895
_d964895